01726cam a2200349 i 4500999001700000001000800017003000900025005001700034008004100051020001500092040003800107043001200145082002300157100005200180245017200232264005200404300002200456336002600478337002800504338002700532490003600559504004100595520034800636650005500984650004901039651005401088653002001142655002401162906004501186942001201231952013301243 c28323d282944111696EG-ScBUE20200310122532.0750505s1975 enk f b 000 0 eng d a052120853X aDLCbengerdacDLCdDLCdEG-ScBUE ad------04a330.91724bHUT2221 aHutchinson, Joseph Burtt,cSir,d1902-eauthor.14aThe challenge of the Third World /cSir Joseph Hutchinson, C.M.G., SC.D., F.R.S., drapers professor of agriculture emeritus and fellow of st John's College, Cambridge. 1aCambridge :bCambridge University Press,c1975. a67 pages ;c19 cm 2rdacontentatextbtxt 2rdamediaaunmediatedbn 2rdacarrieravolumebnc0 aThe Eddington memorial lectures aIncludes bibliographical references. aThis personal account expresses a dissatisfaction with the social system under which we live. The book sets out to explore the ways in which we could move away from the limitations and injustices of our system towards something better. The book is based on the Eddington Memorial Lectures given at the University of Cambridge in November 1974. 7aEconomic developmentzDeveloping countries.2BUEsh 7aSocial justicezDeveloping countries.2BUEsh 7aDeveloping countriesxEconomic conditions.2BUEsh bGGENcMarch2020 vReading book934232 a7bcbccorignewd2encipf19gy-gencatlg 2ddccBB 00102ddc40708BaccahaMAINbMAINc1STd2020-03-10ePurchasel0o330.91724 HUTp000048984r2025-07-15 00:00:00w2020-03-10yBB